Rámcový program české strany lidové (realistické)

Korporativní autor: Česká strana lidová. Sjezd
Další autoři: Česká strana lidová
Jazyk: Čeština
Vydáno: [Praha] : Česká strana lidová. Výkonný výbor, [1900]
Témata:
Fyzický popis: 208 stran
Knihy
Uloženo v:
LEADER 01490nam a2200373 i 4500
001 000642823
003 CZ BrMZK
005 20250107144144.0
007 ta
008 021217s1900 xr f |||| 0 cze d
015 |a cnb001319594  |z cnb001685836 
035 |a (OCoLC)34706868 
040 |a ABC013  |b cze  |c ABC013  |d ABC013  |d ABD113  |d ABD003  |d ABD103  |d BOA001  |e rda 
072 7 |a 329  |x Politické strany a hnutí  |2 Konspekt  |9 15 
080 |a 329.1/.6  |2 MRF 
245 0 0 |a Rámcový program české strany lidové (realistické) 
264 1 |a [Praha] :  |b Česká strana lidová. Výkonný výbor,  |c [1900] 
300 |a 208 stran 
336 |a text  |b txt  |2 rdacontent 
337 |a bez média  |b n  |2 rdamedia 
338 |a svazek  |b nc  |2 rdacarrier 
500 |a Obsahuje rejstřík 
610 2 7 |a Česká strana lidová  |7 ko2004264051  |2 czenas 
650 0 7 |a politické strany  |7 ph115790  |2 czenas 
650 0 7 |a politické programy  |7 ph323774  |2 czenas 
655 7 |a sborníky  |7 fd163935  |2 czenas 
710 2 |a Česká strana lidová.  |b Sjezd  |n (1. :  |d 1900 :  |c Praha, Česko)  |4 com 
710 2 |a Česká strana lidová  |7 ko2004264051  |4 edt 
910 |a BOA001  |b 1-0041.226 
990 |a BK 
993 |a Y 
996 6 |b 2619211947  |c 1-0041.226  |l MZK  |r Sklad / do 1 hodiny  |n 2  |w 000642823  |u 000010  |a 1  |e BOA001  |j MZK50  |s P 
996 6 |b 2619219114  |c 1-0041.226  |l MZK  |r Sklad / do 1 hodiny  |n 2  |w 000642823  |u 000020  |a 1  |e BOA001  |j MZK50  |s P 
996 6 |b BC-2552177  |c 1-0074.697  |l MZK  |r Sklad / do 1 hodiny  |n 0  |w 000642823  |u 000030  |a 1  |e BOA001  |j MZK50  |s P